000
00329nam a2200157Ia 4500
100
_a
John Gray
650
_a
Ficiton
942
_c
BK
366
_f
20
245
_a
Men are from mars and women are from venus
260
_b
Harper collins
_c
2008
082
_a
808.83/JOH
300
_a
286
546
_a
ENGLISH
999
_c
31015
_d
31015